000 00848nam a22002297a 4500
003 UA-OsUOA
001 78771
007 ta
008 20111020b un ||||| |||| 00| 0 ukr d
100 _aКривов'язюк І.
700 _aКость Я.
090 _a658
_bК82
942 _cSA
040 _aUA-OsUOA
_bukr
_cUA-OsUOA
_dUA-OsUOA
245 _aДіагностика фінансово-господарської діяльності промислового підприємства
300 _aС.39-43
955 _a0
041 _aukr
080 _a658
773 0 _w78762
_tЕкономіст
_dК.
_d2011
_g9
650 7 _a658 Управління торговельно-промисловою діяльністю. Бізнес-менеджмент. Економіка підприємств. Організація та
_2UDC
999 _c365086
_d365086